|
|
|
|
| LEADER |
01322ppm a22002898a 4500 |
| 001 |
00026979 |
| 005 |
20171026081022.0 |
| 008 |
110922s2009 ||||||viesd |
| 041 |
0 |
# |
|a vie
|
| 082 |
1 |
4 |
|a 515
|b QU105TR
|
| 100 |
1 |
# |
|a Nguyễn, Thị Yến Phi
|
| 245 |
1 |
0 |
|a Quán triệt quan điểm hoạt động trong dạy học chương IV : hàm số Y = Ax2 (a # 0) phương trình bậc hai một ẩn
|b Khóa luận tốt nghiệp : Ngành Sư phạm Toán học: Trình độ : Đại học
|c Nguyễn Thị Yến Phi; Lê Xuân Trường hướng dẫn
|
| 260 |
# |
# |
|a Đồng Tháp
|b Trường Đại học Đồng Tháp
|c 2009
|
| 300 |
# |
# |
|b bảng
|e 1 bản tóm tắt
|a 94 tr.
|c 30 cm.
|
| 500 |
# |
# |
|a ĐTTTS ghi: Bộ Giáo dục và Đào tạo. Trường Đại học Đồng Tháp
|
| 502 |
# |
# |
|a Thư mục : Tr.94
|
| 650 |
|
|
|a Đại số
|
| 653 |
# |
# |
|a Phương pháp giảng dạy
|
| 653 |
# |
# |
|a Phương trình bậc hai một ấn
|
| 700 |
1 |
# |
|a Lê, Xuân Trường
|e hướng dẫn
|
| 852 |
# |
# |
|b Kho đọc
|j KD.0011617
|
| 852 |
# |
# |
|j KD.0011617
|
| 910 |
# |
# |
|a Ntuyet
|d 22/09/2011
|
| 980 |
# |
# |
|a Trung tâm Học liệu Lê Vũ Hùng, Trường Đại học Đồng Tháp
|